000 03886nam a2200445 i 4500
003 EG-GICUC
005 20260204160142.0
008 260204s2025 ua |||f m||| 00| 0 ara d
040 _aEG-GICUC
_cEG-GICUC
_dEG-GICUC
_erda
_bara
041 0 _aara
049 _aإهداء
082 0 4 _a343.33062
_221
097 _aPh.D
099 _aLaw 10 PHD 2025
100 0 _aإبراهيم سلمان محمد مبارك جفن
_eمؤلف.
245 1 0 _aالتدخل بالحق المدني في الدعوي الجنائية /
_cإعداد إبراهيم سلمان محمد مبارك جفن؛ إشراف الأستاذ الدكتور أحمد عوض بلال.
264 0 _aالقاهرة:
_bكلية الحقوق- جامعة القاهرة،
_c2025.
300 _a300 صفحة؛
_c25 سم.
336 _atext
_2rda content
337 _aComputer
_2rda media
338 _aOnline Resource
_2rda carrier
500 _aرسائل نسخة منفردة
500 _aتحتوي علي صفحة عنوان وملخص باللغة الإنجليزية
502 _a أطروحة (دكتوراة)- جامعة القاهرة، كلية الحقوق، قسم القانون الجنائي، 2025.
504 _aببليوجرافيا: صفحات 273-288
520 3 _aركزت دراسة التدخل بالحق المدني في الدعوى الجنائية على إظهار الدور الثنائي بين القضائين الجنائي والمدني، فهي دعوى مدنية ترفع استثناء أمام القضاء الجنائي، والذي هو في الأساس غير مختص بنظرها، ولكن منحه المشرع ذلك الاستثناء مراعاة لحق المجنى عليه وحماية له في إثبات حقه المدني بجانب حقه الجنائي، فمكن المضرور في جناية أن يرفع دعواه المدنية مطالباً بالتعويض أمام القضاء الجنائي، فينظر القاضي الجنائي هذا الجانب المدني بجانب الأصل وهو الشق الجنائي، وله أن يصدر فيه حكماً بالتعويض المدني المؤقت ليثب بذلك حق المضرور في اللجوء إلى القضاء المدني ليستكمل دعواه الأصلية والمطالبة بالتعويض الكامل عن الضرر الذي لحقه، وهذا الاختصاص الممنوح للقضاء الجنائي يفرض على الدعوى المدنية المنظورة أمامه امتثالها لكافة الإجراءات المطبقة على الدعوى الجنائية، ولا يلتزم المدعي بالحق المدني امام القضاء الجنائي في هذه المرحلة بالإجراءات المتبعة أمام المحكمة المدنية، ويكون للقاضي الجنائي سلطة نظر الإدعاء المدني والفصل فيه دون أدنى تأثير على الدعوى الجنائية.
546 _aالملخص باللغة العربية
650 0 4 _aالقانون الجنائي
653 _aالتدخل بالحق المدني في الدعوي الجنائية
653 _aإظهار الدور الثنائي بين القضائين الجنائي والمدني
653 _aالأختصاص الممنوح للقضاء الجنائي
653 _aالأجراءات المطبقة علي الدعوي الجنائية
655 4 _aرسائل جامعية
_zجامعة القاهرة
_xالقانون الجنائي
700 0 _aأحمد عوض بلال
_eمشرف.
710 2 _aجامعة القاهرة.
_bكلية الحقوق
856 _uhttps://fll.law.cu.edu.eg/fulltext/th/T10-04283.pdf
900 _b2025
_Uجامعة القاهرة
_Fكلية الحقوق
_Dقسم القانون الجنائي
905 _a64
942 _2ddc
_cTH
_e21
_n0
999 _c60952